<?xml version="1.0" encoding="UTF-8"?>
<marc:record xmlns:marc="http://www.loc.gov/MARC21/slim">
   <marc:leader>00000nam a2200000 a 4500</marc:leader>
   <marc:datafield ind1="1" ind2=" " tag="100">
      <marc:subfield code="a">Scheffler, Alex</marc:subfield>
      <marc:subfield code="4">aut</marc:subfield>
      <marc:subfield code="e">Verfasser/-in</marc:subfield>
   </marc:datafield>
   <marc:datafield ind1="0" ind2="0" tag="245">
      <marc:subfield code="a">Der Grüffelo und das Grüffelokinad</marc:subfield>
   </marc:datafield>
   <marc:datafield ind1=" " ind2="1" tag="264">
      <marc:subfield code="a">Düsseldorf</marc:subfield>
      <marc:subfield code="b">tonies GmbH</marc:subfield>
      <marc:subfield code="c">2026</marc:subfield>
   </marc:datafield>
   <marc:datafield ind1="1" ind2=" " tag="520">
      <marc:subfield code="a">Die Maus spazierte im Wald umher. Der Fuchs sah sie kommen und freute sich sehr. Begleite die kleine Maus auf ihrem Abenteuer und riff den Fuchs, die Eule, die Schlange und den Grüffelo! "Der Grüffelo sagt, kein Grüffelokind darf ins Dunkel gehen, wo die Bäume sind." Doch in einer stürmischen Nacht macht das Grüffelokind such auf, um die große böse Maus selbst zu sehen.</marc:subfield>
   </marc:datafield>
   <marc:datafield ind1=" " ind2=" " tag="020">
      <marc:subfield code="a">4251192180353</marc:subfield>
      <marc:subfield code="9">4251192180353</marc:subfield>
   </marc:datafield>
   <marc:datafield ind1=" " ind2=" " tag="300">
      <marc:subfield code="a">ca. 42 Min.</marc:subfield>
   </marc:datafield>
</marc:record>
